{"text_format":"1","workbook":"xlsx","n_sheets":1,"sheets":["inv_fab_cig_abril_2022"],"not_rendered":{"charts":0,"images":2,"macros":0,"external_links":0,"defined_names":1,"comments":0,"pivot_tables":0},"unopened":[],"bounds":{"document_bytes":16777216,"sheet_cells":100000,"rows_first":2000,"rows_last":500,"rows_between":2000,"halvings":0,"cell_chars":16384,"cell_head_chars":4096},"cells_cut":0,"cells_raw":0,"read":"whole","date_system":"1900"}

{"sheet":"inv_fab_cig_abril_2022","index":0,"n_rows":197,"n_cols":8,"rows_kept":197,"cut":false,"hidden":false,"merged":[[47,0,47,6],[196,0,196,6],[149,0,149,7],[150,0,150,7],[151,0,151,7],[153,0,157,0],[153,1,157,1],[153,2,157,2],[153,3,157,3],[153,4,157,4],[153,5,157,5],[153,6,157,6],[153,7,157,7],[79,5,83,5],[79,6,83,6],[79,7,83,7],[122,0,122,6],[75,0,75,7],[76,0,76,7],[77,0,77,7],[79,0,83,0],[79,1,83,1],[79,2,83,2],[79,3,83,3],[79,4,83,4],[5,7,9,7],[5,0,9,0],[1,0,1,7],[2,0,2,7],[3,0,3,7],[5,1,9,1],[5,2,9,2],[5,3,9,3],[5,4,9,4],[5,5,9,5],[5,6,9,6]]}
[]
["INSTITUTO DEL TABACO DE LA REPÚBLICA DOMINICANA"]
["INVENTARIO FABRICA DE CIGARROS"]
["MES DE ENERO 2026"]
[]
["Fecha de adquisición y/o registro","Artículo","Código institucional","Descripción artículo","Existencia","Unidad","Costo","Valor"]
[]
[]
[]
[]
["2018-03-05","MAT. INDIRECTOS ( 20 )","ANILLO.B.D","ANILLO BANDERA DOM",1500,"UND",2.7730000000000001,{"$f":"+G11*E11","v":4159.5}]
["2016-02-01","GENERAL ( 21 )","VINOTINTO","VINO TINTO LA FUERZA",98,"UNIDAD",147.13901999999999,{"$f":"+G12*E12","v":14419.623959999999}]
["2017-05-30","MAT. INDIRECTOS ( 20 )","CAJ OKUME","CAJ OKUME 50X5 DE 10",280,"UND",194.7,54516]
["2016-11-07","MAT. INDIRECTOS ( 20 )","CAJ.OKUME","CAJA OKUME 54X5 DE 10",86,"UND",201.78,17353.080000000002]
["2018-03-12","MAT. INDIRECTOS ( 20 )","CAJA  AGR","CAJA  AGR 54X6 DE 10",121,"UND",591.66705000000002,71591.713050000006]
["2018-03-12","MAT. INDIRECTOS ( 20 )","CAJA OKUME","CAJ OKUME 54X6 DE10",200,"UND",206.5,41300]
["2018-03-12","MAT. INDIRECTOS ( 20 )","CAJA.OKUME","CAJ OKUME 60X5 DE 10",193,"UND",238.10138000000001,45953.566339999998]
["2017-03-14","MAT. INDIRECTOS ( 20 )","CAJA-OKUME","CAJ OKUME 52X6 DE 10",45,"UND",205.32,9239.4]
["2017-03-14","GENERAL ( 21 )","SHOPPING 1","SHOPPING MEDIANO",540,"UND",51.072310000000002,27579.047399999999]
["2017-03-14","GENERAL ( 21 )","SHOPPING 2","SHOPPING GRANDE",600,"UND",66.114599999999996,39668.759999999995]
["2017-03-14","MAT. INDIRECTOS ( 20 )","CAJ20","CAJA 44X6 DE 20 UNIDADES",11,"CAJ 20",130.30779999999999,1433.3857999999998]
["2017-03-14","MAT. INDIRECTOS ( 20 )","CAJUELA DE CEDRO","CAJUELA DE CEDRO",19,"UND",665,12635]
["2017-03-14","MAT. INDIRECTOS ( 20 )","CELOFAN48X8","CELOFAN 48X8",3000,"UND",5.4840200000000001,16452.060000000001]
["2017-03-14","MAT. INDIRECTOS ( 20 )","SELLO DE GARANTIA","SELLO DE GARANTIA",10000,"UNIDAD",1.1446000000000001,11446]
["2017-03-14","MADERAS ( 9 )","CAJ-OKUME","CAJ OKUME 60X6 DE 10",131,"UND",292.48889000000003,38316.044590000005]
["2017-03-14","MAT. INDIRECTOS ( 20 )","CAJA 3","CIG.ROBUSTO C3 50X5",13,"CAJA",132,1716]
["2017-03-14","MAT. INDIRECTOS ( 20 )","P-C-195","PAPEL CELOFAN 1.95",2,"UND",14511.05,29022.1]
["2017-03-14","OTROS ( 12 )","AN.60A","ANILLO C. DOM. ( 60 ANIVERSARIO)",10000,"UND",4.5685000000000002,45685]
["2017-03-14","OTROS ( 12 )","C 64X8","CELOFAN 64X8",3,"MILLAR",1263.78,3791.34]
["2017-03-14","OTROS ( 12 )","C.52X6","C-10 52X6 MI PYME",7,"UND",654.9,4584.3]
["2017-03-10","OTROS ( 12 )","C-52X6","CAJAS DE MADERAS DE 10 CIGARROS (52X6)",67,"UND",654.9,43878.299999999996]
["2017-03-10","OTROS ( 12 )","C-CIG","CAJAS DE MADERAS DE 10 CIGARROS (54X6)",80,"UND",654.9,52392]
["2016-11-07","OTROS ( 12 )","CIG.60X5","CIGARRO ROBUSTO 60X5",2,"UND",69.861369999999994,139.72273999999999]
["2016-11-07","OTROS ( 12 )","CMNA 52X6","CAJA MADERA N. AGR. 52X6",100,"UND",702.1,70210]
["2016-11-07","OTROS ( 12 )","PKNE","PAPEL KRAFT NO ENCERADO (ROLLO)",5,"UND",3481,17405]
["2016-11-07","OTROS ( 12 )","STA2","SOBRES TIMBRADOS A2(CAJITAS P/ CIGARROS)",1350,"UND",29.5,39825]
["2017-06-06","TABACO ( 19 )","CIGAR 44X4 1/2","CIG. CORONA 44X4 1/2",88,"UND",51.308340000000001,4515.1339200000002]
["2017-04-10","TABACO ( 19 )","CIGARROS 60X5","CIGARROS ROBUSTO 60X5",107,"UND",70.289850000000001,7521.0139500000005]
["2017-04-03","OTROS ( 12 )","CAJA- OKUME","CIG.ROBUSTO C10 50X5 OKUME",21,"CAJA",194.7,4088.7]
["2017-04-03","TABACO ( 19 )","CIGARRO CORONA50X4½","CIGARRO ROBUSTO 50X4½",6,"UND",57.488,344.928]
["2017-04-03","TABACO ( 19 )","CIGARRO CORONA-50X5","CIGARRO ROBUSTO-50X5",4604,"UND",70.817769999999996,326045.01308]
["2017-04-03","TABACO ( 19 )","CIGARROS 44X5","CIGARROS CORONA 44X5",5112,"UND",108.07389000000001,552473.72568000003]
["2017-04-03","TABACO ( 19 )","CIGARROS 50X6","CIGARRO ROBUSTO 50X6",4608,"UND",72.263559999999998,332990.48447999998]
["2017-04-03","TABACO ( 19 )","CIGARROS 52X6","CIGARROS ROBUSTO 52X6",3222,"UND",58.534419999999997,188597.90123999998]
["2017-04-03","TABACO ( 19 )","CIGARROS 54X5","CIGARROS ROBUSTO 54X5",5608,"UND",86.861699999999999,487120.41359999997]
["2017-04-03","TABACO ( 19 )","CIGARROS 54X6","CIGARROS ROBUSTO 54X6",654,"UND",132.98499000000001,86972.18346]
["2017-04-03","TABACO ( 19 )","CIGARROS 60X6","CIGARROS ROBUSTO 60X6",537,"UND",70.290000000000006,37745.730000000003]
["TOTAL",null,null,null,null,null,null,{"$f":"SUM(H11:H47)","v":2743127.1712900004}]
[]
[]
[]
[]
[]
[]
[]
[]
[]
[]
[]
[]
[]
[]
[]
[]
[]
[]
[]
[]
[]
[]
[]
[]
[]
[]
[]
["INSTITUTO DEL TABACO DE LA REPÚBLICA DOMINICANA"]
["INVENTARIO FABRICA DE CIGARROS"]
["MES DE FEBRERO  2026"]
[]
["Fecha de adquisición y/o registro","Artículo","Código institucional","Descripción artículo","Existencia","Unidad","Costo","Valor"]
[]
[]
[]
[]
["2016-02-01","MAT. INDIRECTOS ( 20 )","ANILLO.B.D","ANILLO BANDERA DOM",1500,"UND",2.7730000000000001,{"$f":"+G85*E85","v":4159.5}]
["2017-05-30","GENERAL ( 21 )","VINOTINTO","VINO TINTO LA FUERZA",96,"UNIDAD",147.13901999999999,{"$f":"+G86*E86","v":14125.34592}]
["2016-11-07","MAT. INDIRECTOS ( 20 )","CAJ OKUME","CAJ OKUME 50X5 DE 10",242,"UND",194.7,47117.399999999994]
["2018-03-12","MAT. INDIRECTOS ( 20 )","CAJ.OKUME","CAJA OKUME 54X5 DE 10",76,"UND",201.78,15335.28]
["2018-03-12","MAT. INDIRECTOS ( 20 )","CAJA  AGR","CAJA  AGR 54X6 DE 10",121,"UND",591.66705000000002,71591.713050000006]
["2018-03-12","MAT. INDIRECTOS ( 20 )","CAJA OKUME","CAJ OKUME 54X6 DE10",197,"UND",206.5,40680.5]
["2017-03-14","MAT. INDIRECTOS ( 20 )","CAJA.OKUME","CAJ OKUME 60X5 DE 10",193,"UND",238.10138000000001,45953.566339999998]
["2017-03-14","MAT. INDIRECTOS ( 20 )","CAJA-OKUME","CAJ OKUME 52X6 DE 10",45,"UND",205.32,9239.4]
["2017-03-14","GENERAL ( 21 )","SHOPPING 1","SHOPPING MEDIANO",440,"UND",51.072310000000002,22471.8164]
["2017-03-14","GENERAL ( 21 )","SHOPPING 2","SHOPPING GRANDE",575,"UND",66.114599999999996,38015.894999999997]
["2017-03-14","MAT. INDIRECTOS ( 20 )","CAJ20","CAJA 44X6 DE 20 UNIDADES",11,"CAJ 20",130.30779999999999,1433.3857999999998]
["2017-03-14","MAT. INDIRECTOS ( 20 )","CAJUELA DE CEDRO","CAJUELA DE CEDRO",19,"UND",665,12635]
["2017-03-14","MAT. INDIRECTOS ( 20 )","CELOFAN48X8","CELOFAN 48X8",3000,"UND",5.4840200000000001,16452.060000000001]
["2017-03-14","MAT. INDIRECTOS ( 20 )","SELLO DE GARANTIA","SELLO DE GARANTIA",10000,"UNIDAD",1.1446000000000001,11446]
["2017-03-14","MADERAS ( 9 )","CAJ-OKUME","CAJ OKUME 60X6 DE 10",131,"UND",292.48889000000003,38316.044590000005]
["2017-03-14","MAT. INDIRECTOS ( 20 )","CAJA 3","CIG.ROBUSTO C3 50X5",8,"CAJA",132,1056]
["2017-03-14","MAT. INDIRECTOS ( 20 )","P-C-195","PAPEL CELOFAN 1.95",1,"UND",14511.05,14511.05]
["2017-03-14","OTROS ( 12 )","AN.60A","ANILLO C. DOM. ( 60 ANIVERSARIO)",5000,"UND",4.5685000000000002,22842.5]
["2017-03-14","OTROS ( 12 )","C 64X8","CELOFAN 64X8",3,"MILLAR",1263.78,3791.34]
["2017-03-10","OTROS ( 12 )","C-10","C-10 54X6 PRESIDENCIAL",5,"UND",654.9,3274.5]
["2017-03-10","OTROS ( 12 )","C-52X6","CAJAS DE MADERAS DE 10 CIGARROS (52X6)",64,"UND",654.9,41913.599999999999]
["2016-11-07","OTROS ( 12 )","C-CIG","CAJAS DE MADERAS DE 10 CIGARROS (54X6)",70,"UND",654.9,45843]
["2016-11-07","OTROS ( 12 )","CIG.60X5","CIGARRO ROBUSTO 60X5",2,"UND",69.861369999999994,139.72273999999999]
["2016-11-07","OTROS ( 12 )","CMNA 52X6","CAJA MADERA N. AGR. 52X6",88,"UND",702.1,61784.800000000003]
["2016-11-07","OTROS ( 12 )","PKNE","PAPEL KRAFT NO ENCERADO (ROLLO)",5,"UND",3481,17405]
["2017-06-06","OTROS ( 12 )","STA2","SOBRES TIMBRADOS A2(CAJITAS P/ CIGARROS)",1050,"UND",29.5,30975]
["2017-04-10","TABACO ( 19 )","CAJA52X6","CIG. AGR. 52X6",5,"UND",702.1,3510.5]
["2017-04-03","TABACO ( 19 )","CIGAR 44X4 1/2","CIG. CORONA 44X4 1/2",88,"UND",51.308340000000001,4515.1339200000002]
["2017-04-03","TABACO ( 19 )","CIGARROS 60X5","CIGARROS ROBUSTO 60X5",107,"UND",70.289850000000001,7521.0139500000005]
["2017-04-03","OTROS ( 12 )","CAJA- OKUME","CIG.ROBUSTO C10 50X5 OKUME",8,"CAJA",194.7,1557.6]
["2017-04-03","TABACO ( 19 )","CIGARRO CORONA50X4½","CIGARRO ROBUSTO 50X4½",6,"UND",57.488,344.928]
["2021-03-31","TABACO ( 19 )","CIGARRO CORONA-50X5","CIGARRO ROBUSTO-50X5",1693,"UND",70.817769999999996,119894.48461]
["2021-03-31","TABACO ( 19 )","CIGARROS 44X5","CIGARROS CORONA 44X5",5112,"UND",108.07389000000001,552473.72568000003]
["2021-03-31","TABACO ( 19 )","CIGARROS 50X6","CIGARRO ROBUSTO 50X6",4639,"UND",72.221639999999994,335036.18795999995]
["2021-03-31","TABACO ( 19 )","CIGARROS 52X6","CIGARROS ROBUSTO 52X6",5272,"UND",73.444249999999997,387198.08600000001]
["2021-03-31","TABACO ( 19 )","CIGARROS 54X5","CIGARROS ROBUSTO 54X5",6836,"UND",332.56972000000002,2273446.60592]
["2021-07-31","TABACO ( 19 )","CIGARROS 54X6","CIGARROS ROBUSTO 54X6",452,"UND",132.98499000000001,60109.215480000006]
["2021-07-31","TABACO ( 19 )","CIGARROS 60X6","CIGARROS ROBUSTO 60X6",537,"UND",70.290000000000006,{"$f":"+G122*E122","v":37745.730000000003}]
["TOTAL",null,null,null,null,null,null,{"$f":"SUM(H85:H122)","v":4415862.63136}]
[]
[]
[]
[]
[]
[]
[]
[]
[]
[]
[]
[]
[]
[]
[]
[]
[]
[]
[]
[]
[]
[]
[]
[]
[]
[]
["INSTITUTO DEL TABACO DE LA REPÚBLICA DOMINICANA"]
["INVENTARIO FABRICA DE CIGARROS"]
["MES DE MARZO 2026"]
[]
["Fecha de adquisición y/o registro","Artículo","Código institucional","Descripción artículo","Existencia","Unidad","Costo","Valor"]
[]
[]
[]
[]
["2018-03-05","MAT. INDIRECTOS ( 20 )","ANILLO.B.D","ANILLO BANDERA DOM",1500,"UND",2.7730000000000001,{"$f":"+G159*E159","v":4159.5}]
["2016-02-01","GENERAL ( 21 )","VINOTINTO","VINO TINTO LA FUERZA",94,"UNIDAD",147.68986000000001,{"$f":"+G160*E160","v":13882.84684}]
["2017-05-30","MAT. INDIRECTOS ( 20 )","AGR","CIG.ROBUSTO AGR C10-54X6",10,"CAJA",654.9,6549]
["2016-11-07","MAT. INDIRECTOS ( 20 )","CAJ OKUME","CAJ OKUME 50X5 DE 10",161,"UND",194.7,31346.699999999997]
["2018-03-12","MAT. INDIRECTOS ( 20 )","CAJA  AGR","CAJA  AGR 54X6 DE 10",116,"UND",591.66677000000004,68633.345320000008]
["2018-03-12","MAT. INDIRECTOS ( 20 )","CAJA OKUME","CAJ OKUME 54X6 DE10",197,"UND",206.5,40680.5]
["2018-03-12","MAT. INDIRECTOS ( 20 )","CAJA.OKUME","CAJ OKUME 60X5 DE 10",193,"UND",238.10138000000001,45953.566339999998]
["2017-03-14","MAT. INDIRECTOS ( 20 )","CAJA-OKUME","CAJ OKUME 52X6 DE 10",45,"UND",205.32,9239.4]
["2017-03-14","MAT. INDIRECTOS ( 20 )","CIG. C10-OKUM","CIG. ROBUSTO C10 54X5 OKUME",2,"CAJA",201.78,403.56]
["2017-03-14","GENERAL ( 21 )","SHOPPING 1","SHOPPING MEDIANO",220,"UND",51.072310000000002,11235.9082]
["2017-03-14","GENERAL ( 21 )","SHOPPING 2","SHOPPING GRANDE",505,"UND",66.114519999999999,33387.832600000002]
["2017-03-14","MAT. INDIRECTOS ( 20 )","CAJ20","CAJA 44X6 DE 20 UNIDADES",11,"CAJ 20",130.30779999999999,1433.3857999999998]
["2017-03-14","MAT. INDIRECTOS ( 20 )","CAJUELA DE CEDRO","CAJUELA DE CEDRO",19,"UND",665,12635]
["2017-03-14","MAT. INDIRECTOS ( 20 )","CELOFAN48X8","CELOFAN 48X8",3000,"UND",5.4840200000000001,16452.060000000001]
["2017-03-14","MAT. INDIRECTOS ( 20 )","SELLO DE GARANTIA","SELLO DE GARANTIA",10000,"UNIDAD",1.1446000000000001,11446]
["2017-03-14","MADERAS ( 9 )","CAJ-OKUME","CAJ OKUME 60X6 DE 10",131,"UND",292.48889000000003,38316.044590000005]
["2017-03-14","MAT. INDIRECTOS ( 20 )","CAJA 3","CIG.ROBUSTO C3 50X5",8,"CAJA",132,1056]
["2017-03-14","MAT. INDIRECTOS ( 20 )","P-C-195","PAPEL CELOFAN 1.95",1,"UND",14511.05,14511.05]
["2017-03-14","OTROS ( 12 )","C 64X8","CELOFAN 64X8",3,"MILLAR",1263.78,3791.34]
["2017-03-14","OTROS ( 12 )","C.52X6","C-10 52X6 MI PYME",9,"UND",654.9,5894.0999999999995]
["2017-03-10","OTROS ( 12 )","C-10","C-10 54X6 PRESIDENCIAL",10,"UND",654.9,6549]
["2017-03-10","OTROS ( 12 )","C-52X6","CAJAS DE MADERAS DE 10 CIGARROS (52X6)",44,"UND",654.9,28815.599999999999]
["2016-11-07","OTROS ( 12 )","C-CIG","CAJAS DE MADERAS DE 10 CIGARROS (54X6)",56,"UND",654.9,36674.400000000001]
["2016-11-07","OTROS ( 12 )","CIG.60X5","CIGARRO ROBUSTO 60X5",2,"UND",69.861369999999994,139.72273999999999]
["2016-11-07","OTROS ( 12 )","CMNA 52X6","CAJA MADERA N. AGR. 52X6",83,"UND",702.1,58274.3]
["2016-11-07","OTROS ( 12 )","PKNE","PAPEL KRAFT NO ENCERADO (ROLLO)",5,"UND",3481,17405]
["2017-06-06","OTROS ( 12 )","STA2","SOBRES TIMBRADOS A2(CAJITAS P/ CIGARROS)",900,"UND",29.5,26550]
["2017-04-10","TABACO ( 19 )","CIGAR 44X4 1/2","CIG. CORONA 44X4 1/2",88,"UND",51.308340000000001,4515.1339200000002]
["2017-04-03","TABACO ( 19 )","CIGARROS 60X5","CIGARROS ROBUSTO 60X5",107,"UND",70.289850000000001,7521.0139500000005]
["2017-04-03","OTROS ( 12 )","CAJA- OKUME","CIG.ROBUSTO C10 50X5 OKUME",14,"CAJA",194.7,2725.7999999999997]
["2017-04-03","TABACO ( 19 )","CIGARRO CORONA50X4½","CIGARRO ROBUSTO 50X4½",6,"UND",57.488,344.928]
["2017-04-03","TABACO ( 19 )","CIGARRO CORONA-50X5","CIGARRO ROBUSTO-50X5",2074,"UND",70.495949999999993,146208.60029999999]
["2021-03-31","TABACO ( 19 )","CIGARROS 44X5","CIGARROS CORONA 44X5",4062,"UND",86.036519999999996,349480.34424000001]
["2021-03-31","TABACO ( 19 )","CIGARROS 50X6","CIGARRO ROBUSTO 50X6",3389,"UND",72.16028,244551.18892000002]
["2021-03-31","TABACO ( 19 )","CIGARROS 52X6","CIGARROS ROBUSTO 52X6",6422,"UND",70.770030000000006,454485.13266000006]
["2021-03-31","TABACO ( 19 )","CIGARROS 54X5","CIGARROS ROBUSTO 54X5",3416.8,"UND",297.79477000000003,1017505.1701360001]
["2021-04-01","TABACO ( 19 )","CIGARROS 54X6","CIGARROS ROBUSTO 54X6",412,"UND",132.98499000000001,54789.815880000002]
["2021-04-02","TABACO ( 19 )","CIGARROS 60X6","CIGARROS ROBUSTO 60X6",537,"UND",70.290000000000006,37745.730000000003]
["TOTAL",null,null,null,null,null,null,{"$f":"SUM(H159:H196)","v":2865288.0204360005}]